| 000 | 00981cam a2200313 a 4500 | ||
|---|---|---|---|
| 001 | 482 | ||
| 005 | 20230428115630.0 | ||
| 008 | 970306s1997 nyua a 000 1 eng | ||
| 020 | _a0679887059 (trade) | ||
| 020 | _a0679987053 (lib. bdg.) | ||
| 040 |
_aDLC _cDLC _dDLC |
||
| 050 | 0 | 0 |
_aPZ7.B4483 _bBfwl 1997 |
| 082 | 0 | 0 |
_a411 _221 |
| 100 | 1 |
_aBerenstain, Stan, _d1923-2005. |
|
| 245 | 1 | 0 |
_aBerenstains' A book / _cStan & Jan Berenstain. |
| 246 | 3 | 0 | _aA book |
| 260 |
_aNew York : _bBeginner Books, _c1997. |
||
| 300 |
_a15 leaves of plates : _bcolor illustrations ; _c23 cm. |
||
| 490 | 1 | _aA bright and early book | |
| 505 | _aB | ||
| 520 | _aAn army of angry ants march across and around all sorts of items that begin with the letter "a." | ||
| 521 |
_a100
_bLexile |
||
| 521 |
_aB _bRaz-Plus |
||
| 650 | 1 |
_aAnts _xFiction. |
|
| 650 | 1 | _aAlphabet. | |
| 700 | 1 |
_aBerenstain, Jan, _d1923-2012. |
|
| 906 |
_a7 _bcbc _corignew _d1 _eocip _f19 _gy-gencatlg |
||
| 942 |
_2ddc _cBK _n0 |
||
| 999 |
_c482 _d482 |
||